[Event "SRB-ch U18 Girls"]
[Site "Novi Sad"]
[Date "2021.08.05"]
[Round "5"]
[White "Veljkovic, Varvara"]
[Black "Srdanovic, Jovana"]
[Result "0-1"]
[WhiteElo "1489"]
[BlackElo "2099"]
[PlyCount "50"]
[EventDate "2021.08.03"]
[EventType "tourn"]
[EventRounds "9"]
[EventCountry "SRB"]
[SourceTitle "EXT 2022"]
[Source "ChessBase"]
[SourceDate "2021.10.06"]
[SourceVersion "1"]
[SourceVersionDate "2021.10.06"]
[SourceQuality "1"]

1. e4 c5 2. Nc3 Nc6 3. f4 e6 4. Nf3 Nge7 5. Bb5 a6 6. Bxc6 Nxc6 7. 0-0 Be7 8. e5 d5 9. d4 Nxd4 10. Nxd4 cxd4 11. Qxd4 g6 12. Be3 Bd7 13. Nxd5 Bb5 14. c4 Bxc4 15. Qxc4 Qxd5 16. Qxd5 exd5 17. Rac1 Kd7 18. Rfd1 Ke6 19. Rc7 Rhb8 20. Rd3 Bd8 21. Rcc3 Rc8 22. Rb3 b5 23. g4 Rc4 24. Rdc3 d4 25. Bxd4 Rxd4 0-1

[Event "SRB-ch U18 Girls"]
[Site "Subotica"]
[Date "2021.05.07"]
[Round "7"]
[White "Grozdanovic, Anastasia"]
[Black "Veljkovic, Varvara"]
[Result "1-0"]
[WhiteElo "1877"]
[BlackElo "1623"]
[PlyCount "81"]
[EventDate "2021.05.03"]
[EventType "swiss"]
[EventRounds "9"]
[EventCountry "SRB"]
[SourceTitle "EXT 2022"]
[Source "ChessBase"]
[SourceDate "2021.10.06"]
[SourceVersion "1"]
[SourceVersionDate "2021.10.06"]
[SourceQuality "1"]

1. d4 g6 2. c4 Bg7 3. Nc3 d6 4. e4 e5 5. d5 Ne7 6. Be3 0-0 7. Qd2 f5 8. f3 Bd7 9. Bd3 f4 10. Bf2 a6 11. c5 Qe8 12. a4 Kh8 13. h4 dxc5 14. Bxc5 Rf6 15. Nh3 c6 16. a5 cxd5 17. Bxe7 Qxe7 18. Nxd5 Qd8 19. Nxf6 Qxf6 20. Ng5 h6 21. Bc4 Be8 22. Qd5 Qf8 23. Qxb7 Bc6 24. Nf7+ Kh7 25. Qb6 Ra7 26. Qxa7 Qb4+ 27. Kf2 Qxb2+ 28. Be2 Nd7 29. Rhb1 Qd2 30. Rd1 Qb2 31. Rab1 Qa2 32. Qc7 Qxf7 33. Qxc6 Nf8 34. Rb7 Qa2 35. Qc4 Qxa5 36. Qc7 Qxc7 37. Rxc7 Ne6 38. Ra7 Nd4 39. Rc1 Kg8 40. Rc8+ Bf8 41. Bc4+ 1-0

[Event "SRB-ch U18 Girls"]
[Site "Subotica"]
[Date "2021.05.06"]
[Round "5"]
[White "Veljkovic, Varvara"]
[Black "Dimitrijevic, Andjela"]
[Result "0-1"]
[WhiteElo "1623"]
[BlackElo "1834"]
[PlyCount "96"]
[EventDate "2021.05.03"]
[EventType "swiss"]
[EventRounds "9"]
[EventCountry "SRB"]
[SourceTitle "EXT 2022"]
[Source "ChessBase"]
[SourceDate "2021.10.06"]
[SourceVersion "1"]
[SourceVersionDate "2021.10.06"]
[SourceQuality "1"]

1. e4 c5 2. Nc3 d6 3. f4 g6 4. Nf3 Bg7 5. Bb5+ Bd7 6. Bc4 Nc6 7. 0-0 e6 8. d3 Na5 9. Bb3 Ne7 10. Qe1 Nxb3 11. axb3 0-0 12. f5 exf5 13. Qh4 f6 14. Qg3 Bc6 15. Nh4 fxe4 16. dxe4 b5 17. Rd1 b4 18. Rxd6 Qc7 19. Nd5 Bxd5 20. exd5 Nc8 21. Rxf6 Qxg3 22. Rxf8+ Bxf8 23. hxg3 Nb6 24. c4 bxc3 25. bxc3 Bg7 26. Ra5 Bxc3 27. Rb5 Bd4+ 28. Kf1 Nxd5 29. b4 Nxb4 30. Nf3 Rf8 31. Ke2 Re8+ 32. Kd1 Bf2 33. Bf4 Nd5 34. Bd2 Be3 35. Kc2 Bxd2 36. Kxd2 Nf6 37. Kd3 Ne4 38. Nd2 Nxd2 39. Kxd2 Re5 40. Ra5 Rg5 41. Ra3 c4 42. Ke2 a5 43. Kf3 Rb5 44. Ke4 Rb3 45. Rxa5 Rxg3 46. Kd4 Rxg2 47. Kxc4 Kg7 48. Kd4 Re2 0-1

[Event "SRB-ch U18 Girls"]
[Site "Subotica"]
[Date "2021.05.04"]
[Round "3"]
[White "Veljkovic, Varvara"]
[Black "Ilic, Zvezdana"]
[Result "0-1"]
[WhiteElo "1623"]
[BlackElo "1590"]
[PlyCount "70"]
[EventDate "2021.05.03"]
[EventType "swiss"]
[EventRounds "9"]
[EventCountry "SRB"]
[SourceTitle "EXT 2022"]
[Source "ChessBase"]
[SourceDate "2021.10.06"]
[SourceVersion "1"]
[SourceVersionDate "2021.10.06"]
[SourceQuality "1"]

1. e4 c5 2. Nc3 d6 3. f4 g6 4. Nf3 Bg7 5. Bb5+ Nc6 6. 0-0 Nf6 7. d3 0-0 8. Bxc6 bxc6 9. Qe1 Qb6 10. Kh1 Ba6 11. f5 Rae8 12. Qh4 e5 13. Bg5 Qxb2 14. Bxf6 Bxf6 15. Qxf6 Qxc3 16. Qh4 f6 17. Qh6 g5 18. Rac1 Re7 19. Nxg5 fxg5 20. Qxd6 Ref7 21. Qxc6 Bc8 22. Rf3 Qd2 23. Rg1 g4 24. Rg3 Qf4 25. Qxc5 h5 26. Re3 Qf2 27. Rge1 Bxf5 28. Qd5 Bg6 29. R3e2 Qf6 30. g3 Kh7 31. Kg2 Qb6 32. Qb3 Rf2+ 33. Kh1 Rf1+ 34. Rxf1 Rxf1+ 35. Kg2 Qg1# 0-1